00343nam a2200145Ia 4500008004100000020001800041041000800059082001500067100001600082245003600098260002300134300000800157365001600165700001600181230718s9999 xx 000 0 und d a9788184003215 aeng a658.4bGOD aGodhwani R. aSeekbFinding Your True Calling c2013bRandom House a215 cRs.b150.00 aGodhwani R.